U.S. Cities Base Off Museums (Medium) - Statistics

General Stats
  • This quiz has been taken 26 times
  • The average score is 9 of 15
Answer Stats
Museum City % Correct
Graceland Memphis
100%
Motown Museum Detroit
96%
National Aquarium Baltimore
78%
NASCAR Hall Of Fame Charlotte
78%
The Andy Warhol Museum Pittsburgh
78%
Historic VooDoo Museum New Orleans
74%
Texas Transportation Museum San Antonio
70%
Harley-Davidson Museum Milwaukee
65%
National Cowgirl Museum & Hall Of Fame Fort Worth
52%
OMSI Portland (OR)
52%
National WWI Museum Kansas City
48%
Old Slave Mart Museum Charleston
43%
Mill City Museum Minneapolis
43%
Musical Instrument Museum Phoenix
39%
Church History Museum Salt Lake City
26%
No matching quizzes found
Score Distribution
Percent of People with Each Score
Percentile by Number Answered
Your Score History
You have not taken this quiz